000 00751nam a22001577a 4500
003 OSt
005 20150910162418.0
008 150910b xxu||||| |||| 00| 0 eng d
040 _cRUA
082 _aAGR សួស​ 1995 B015 Or.1
100 _9269
_aសួស សំអឿន
245 _aការកសាងគំរោងផែនការលើការងារផ្សព្វផ្សាយដើម្បីប្រើប្រាស់ជាមួយកសិករ សំរាប់អនុវត្តន៍ក្នុងកម្មវិធីផ្សព្វផ្សាយកសិកម្មនៅប្រទេសកម្ពុជា
260 _aPhnom Penh
_bRUA
_c1995
300 _a73p.
_bill.
_c29cm.
942 _2ddc
_cAGR
999 _c251
_d251